000
00262nam a22001217a 4500
082
_a
494
_b
MUR/R
100
_a
MANOHAR, MURALI
245
_a
SARAL NIBHANDH LEKHAN
260
_a
DELHI
_b
ROHAN BOOK COMPANY
300
_a
160
650
_a
ESSAY
_z
DELHI
942
_c
BK
999
_c
4443
_d
4443